[Event "High League 2022 men"]
[Site "Obninsk"]
[Date "2022.07.05"]
[Round "9.4"]
[White "Chigaev, Maksim"]
[Black "Sychev, Klementy"]
[Result "1-0"]
[LiveChessVersion "1.4.7"]
[BlackElo "2534"]
[WhiteElo "2631"]

1. c4 {[%clk 1:30:51]} e5 {[%clk 1:25:27]} 2. g3 {[%clk 1:30:51]} Nf6
{[%clk 1:17:41]} 3. Bg2 {[%clk 1:31:02]} d5 {[%clk 1:16:12]} 4. cxd5
{[%clk 1:30:19]} Nxd5 {[%clk 1:16:39]} 5. Nf3 {[%clk 1:30:13]} Nc6
{[%clk 1:16:49]} 6. O-O {[%clk 1:30:25]} e4 {[%clk 1:13:39]} 7. Ne1
{[%clk 1:30:28]} h5 {[%clk 1:14:06]} 8. Nc3 {[%clk 0:57:12]} h4 {[%clk 1:13:50]}
9. Qa4 {[%clk 0:34:06]} f5 {[%clk 1:05:26]} 10. d3 {[%clk 0:34:33]} hxg3
{[%clk 0:55:55]} 11. hxg3 {[%clk 0:34:58]} Nb6 {[%clk 0:39:09]} 12. Qc2
{[%clk 0:35:06]} Be6 {[%clk 0:03:45]} 13. dxe4 {[%clk 0:34:48]} Nd4
{[%clk 0:02:34]} 14. Qd1 {[%clk 0:34:44]} Bc4 {[%clk 0:02:20]} 15. Nc2
{[%clk 0:27:49]} Bc5 {[%clk 0:00:50]} 16. Nxd4 {[%clk 0:27:42]} Qxd4
{[%clk 0:00:32]} 17. Qxd4 {[%clk 0:27:35]} Bxd4 {[%clk 0:01:01]} 18. exf5
{[%clk 0:27:26]} O-O-O {[%clk 0:00:51]} 19. Re1 {[%clk 0:24:26]} Be5
{[%clk 0:00:53]} 20. Bg5 {[%clk 0:24:07]} Rdf8 {[%clk 0:01:05]} 21. e4
{[%clk 0:24:31]} c6 {[%clk 0:00:56]} 22. Rac1 {[%clk 0:24:41]} Nd7
{[%clk 0:00:46]} 23. b3 {[%clk 0:22:14]} Bf7 {[%clk 0:01:09]} 24. Red1
{[%clk 0:19:44]} Bh5 {[%clk 0:01:23]} 25. Rd2 {[%clk 0:20:04]} Bc7
{[%clk 0:01:37]} 26. Bf4 {[%clk 0:14:44]} Ne5 {[%clk 0:00:43]} 27. Bxe5
{[%clk 0:14:49]} Bxe5 {[%clk 0:01:12]} 28. Ne2 {[%clk 0:14:49]} Rd8
{[%clk 0:01:28]} 29. Rxd8+ {[%clk 0:14:12]} Rxd8 {[%clk 0:01:52]} 30. Rc2
{[%clk 0:13:36]} a5 {[%clk 0:01:14]} 31. Nf4 {[%clk 0:09:34]} Rd1+
{[%clk 0:01:03]} 32. Kh2 {[%clk 0:10:02]} Bf7 {[%clk 0:01:24]} 33. Ne6
{[%clk 0:10:13]} Bxe6 {[%clk 0:00:37]} 34. fxe6 {[%clk 0:10:39]} Bd4
{[%clk 0:00:34]} 35. Bf3 {[%clk 0:06:03]} Ra1 {[%clk 0:00:42]} 36. Rd2
{[%clk 0:04:38]} c5 {[%clk 0:01:03]} 37. Be2 {[%clk 0:04:01]} Kd8
{[%clk 0:01:03]} 38. Bc4 {[%clk 0:04:10]} Ke7 {[%clk 0:01:07]} 39. Kh3
{[%clk 0:04:21]} Re1 {[%clk 0:00:56]} 40. f3 {[%clk 0:34:29]} b6 {[%clk 0:30:33]}
41. a4 {[%clk 0:31:14]} Kf6 {[%clk 0:22:32]} 42. Kg4 {[%clk 0:31:28]} Rh1
{[%clk 0:22:11]} 43. f4 {[%clk 0:31:12]} Ke7 {[%clk 0:22:21]} 44. e5
{[%clk 0:31:05]} Rh8 {[%clk 0:22:37]} 45. Kg5 {[%clk 0:30:19]} Rh3
{[%clk 0:22:33]} 46. Rd3 {[%clk 0:30:15]} Rh6 {[%clk 0:22:47]} 47. f5
{[%clk 0:25:19]} Rh1 {[%clk 0:22:03]} 48. Rxd4 {[%clk 0:25:24]} cxd4
{[%clk 0:22:23]} 49. f6+ {[%clk 0:25:51]} gxf6+ {[%clk 0:22:39]} 50. exf6+
{[%clk 0:26:16]} Kd6 {[%clk 0:23:04]} 51. e7 {[%clk 0:26:39]} Re1
{[%clk 0:23:27]} 52. Bb5 {[%clk 0:26:59]} 1-0

[Event "High League 2022 men"]
[Site "Obninsk"]
[Date "2022.07.05"]
[Round "9.5"]
[White "Shubin, Kirill"]
[Black "Afanasiev, Nikita"]
[Result "1/2-1/2"]
[LiveChessVersion "1.4.7"]
[BlackElo "2583"]
[WhiteElo "2475"]

1. e4 {[%clk 1:30:58]} e5 {[%clk 1:30:48]} 2. Nf3 {[%clk 1:29:44]} Nc6
{[%clk 1:31:13]} 3. Bb5 {[%clk 1:30:11]} Nf6 {[%clk 1:31:38]} 4. d3
{[%clk 1:30:16]} d6 {[%clk 1:31:29]} 5. O-O {[%clk 1:30:09]} Bd7 {[%clk 1:31:11]}
6. c3 {[%clk 1:30:04]} g6 {[%clk 1:31:22]} 7. Re1 {[%clk 1:27:57]} Bg7
{[%clk 1:31:27]} 8. Nbd2 {[%clk 1:28:16]} O-O {[%clk 1:31:39]} 9. a4
{[%clk 1:27:18]} Be6 {[%clk 1:22:26]} 10. Bc4 {[%clk 1:18:09]} h6
{[%clk 1:14:03]} 11. a5 {[%clk 1:11:27]} a6 {[%clk 1:12:11]} 12. Qb3
{[%clk 1:04:55]} Bxc4 {[%clk 1:07:14]} 13. Nxc4 {[%clk 1:03:32]} Rb8
{[%clk 1:06:59]} 14. h3 {[%clk 0:57:33]} Kh7 {[%clk 1:05:19]} 15. Be3
{[%clk 0:55:47]} Re8 {[%clk 1:03:47]} 16. Ncd2 {[%clk 0:52:38]} d5
{[%clk 1:00:09]} 17. Qc2 {[%clk 0:51:37]} Ng8 {[%clk 0:49:16]} 18. Qb3
{[%clk 0:42:15]} Nf6 {[%clk 0:47:15]} 19. Qc2 {[%clk 0:41:38]} Qd6
{[%clk 0:46:10]} 20. Nb3 {[%clk 0:40:41]} Nd7 {[%clk 0:45:51]} 21. Nh4
{[%clk 0:32:45]} Rbd8 {[%clk 0:41:55]} 22. Rad1 {[%clk 0:31:36]} Qe6
{[%clk 0:36:35]} 23. Nf3 {[%clk 0:27:49]} f5 {[%clk 0:36:23]} 24. Bg5
{[%clk 0:23:56]} Rb8 {[%clk 0:35:24]} 25. Be3 {[%clk 0:23:30]} Rbd8
{[%clk 0:30:28]} 26. Bg5 {[%clk 0:23:49]} Rc8 {[%clk 0:30:44]} 27. exd5
{[%clk 0:22:29]} Qxd5 {[%clk 0:31:07]} 28. Bd2 {[%clk 0:22:35]} Nf8
{[%clk 0:29:00]} 29. c4 {[%clk 0:21:38]} Qd6 {[%clk 0:29:19]} 30. Bc3
{[%clk 0:19:47]} Ne6 {[%clk 0:28:51]} 31. Nc1 {[%clk 0:20:00]} Rcd8
{[%clk 0:27:09]} 32. Qa4 {[%clk 0:18:32]} Qf8 {[%clk 0:20:21]} 33. Qc2
{[%clk 0:16:25]} Qd6 {[%clk 0:17:04]} 34. Ne2 {[%clk 0:15:55]} Nb4
{[%clk 0:15:57]} 35. Bxb4 {[%clk 0:15:22]} Qxb4 {[%clk 0:16:24]} 36. h4
{[%clk 0:15:09]} e4 {[%clk 0:14:43]} 37. dxe4 fxe4 {[%clk 0:12:12]} 38. Rxd8
{[%clk 0:14:27]} Nxd8 {[%clk 0:10:43]} 39. Nc3 {[%clk 0:13:01]} e3
{[%clk 0:05:42]} 40. fxe3 {[%clk 0:40:38]} Qxc4 {[%clk 0:35:22]} 41. h5
{[%clk 0:39:07]} Qg4 {[%clk 0:34:01]} 42. Nd5 {[%clk 0:35:48]} Qxh5
{[%clk 0:33:44]} 43. Nf4 {[%clk 0:36:14]} Qf5 {[%clk 0:28:32]} 44. Qxc7
{[%clk 0:36:39]} Qf7 {[%clk 0:26:47]} 45. Qc2 {[%clk 0:36:44]} Ne6
{[%clk 0:24:04]} 46. Nxe6 {[%clk 0:36:42]} Rxe6 {[%clk 0:19:03]} 47. e4 Qe7
{[%clk 0:18:43]} 48. Re3 {[%clk 0:25:00]} Rc6 {[%clk 0:16:06]} 49. Qd2
{[%clk 0:25:03]} Qc7 {[%clk 0:13:11]} 50. e5 {[%clk 0:23:54]} Rc1+
{[%clk 0:13:24]} 51. Re1 {[%clk 0:23:15]} Rc2 {[%clk 0:13:27]} 52. Qb4
{[%clk 0:22:53]} Qc6 {[%clk 0:10:03]} 53. b3 {[%clk 0:20:18]} Qc7
{[%clk 0:04:56]} 54. Qe4 {[%clk 0:19:36]} Qc5+ {[%clk 0:05:07]} 55. Kh1
{[%clk 0:19:47]} Qf2 {[%clk 0:05:25]} 56. Nh4 {[%clk 0:18:26]} Rc6
{[%clk 0:05:24]} 57. Nf3 {[%clk 0:18:25]} Rc2 {[%clk 0:05:32]} 58. Nh4
{[%clk 0:18:35]} Rc6 {[%clk 0:04:17]} 59. Nf3 {[%clk 0:18:30]} Rc2
{[%clk 0:04:12]} 1/2-1/2

[Event "High League 2022 men"]
[Site "Obninsk"]
[Date "2022.07.05"]
[Round "9.6"]
[White "Sviridov, Valery"]
[Black "Nesterov, Arseniy"]
[Result "1/2-1/2"]
[LiveChessVersion "1.4.7"]
[BlackElo "2566"]
[WhiteElo "2571"]

1. d4 {[%clk 1:30:56]} d5 {[%clk 1:30:48]} 2. c4 {[%clk 1:31:17]} e6
{[%clk 1:31:15]} 3. Nf3 {[%clk 1:31:33]} Nf6 {[%clk 1:31:37]} 4. g3
{[%clk 1:31:38]} Be7 {[%clk 1:31:34]} 5. Bg2 {[%clk 1:32:00]} O-O
{[%clk 1:31:17]} 6. O-O {[%clk 1:32:22]} dxc4 {[%clk 1:31:44]} 7. Qc2
{[%clk 1:32:07]} a6 {[%clk 1:32:06]} 8. a4 {[%clk 1:32:10]} Bd7 {[%clk 1:32:00]}
9. Qxc4 {[%clk 1:28:58]} Bc6 {[%clk 1:32:10]} 10. Bf4 {[%clk 1:28:50]} Bd6
{[%clk 1:32:31]} 11. Qc1 {[%clk 1:26:52]} a5 {[%clk 1:32:50]} 12. Nc3
{[%clk 1:27:15]} Na6 {[%clk 1:32:38]} 13. Rd1 {[%clk 1:27:33]} 1/2-1/2

[Event "High League 2022 men"]
[Site "Obninsk"]
[Date "2022.07.05"]
[Round "9.7"]
[White "Zvjaginsev, Vadim"]
[Black "Dreev, Aleksey"]
[Result "0-1"]
[LiveChessVersion "1.4.7"]
[BlackElo "2610"]
[WhiteElo "2603"]

1. e4 {[%clk 1:29:45]} c6 {[%clk 1:30:54]} 2. d4 {[%clk 1:30:11]} d5
{[%clk 1:31:20]} 3. e5 {[%clk 1:30:34]} Bf5 {[%clk 1:31:42]} 4. Be3
{[%clk 1:30:58]} e6 {[%clk 1:29:44]} 5. Nd2 {[%clk 1:31:08]} Nd7 {[%clk 1:27:34]}
6. g4 {[%clk 1:31:15]} Bg6 {[%clk 1:27:53]} 7. Ne2 {[%clk 1:31:24]} f6
{[%clk 1:01:28]} 8. Nf4 {[%clk 1:30:23]} Bf7 {[%clk 0:54:48]} 9. Nf3
{[%clk 1:28:34]} Ne7 {[%clk 0:47:44]} 10. Bh3 {[%clk 1:09:52]} Ng6
{[%clk 0:45:08]} 11. exf6 {[%clk 1:05:18]} gxf6 {[%clk 0:44:45]} 12. Nh5
{[%clk 1:02:11]} Qb6 {[%clk 0:42:42]} 13. O-O {[%clk 0:59:59]} O-O-O
{[%clk 0:40:10]} 14. b3 {[%clk 0:58:02]} Qc7 {[%clk 0:39:08]} 15. Kh1
{[%clk 0:51:59]} Kb8 {[%clk 0:32:13]} 16. Rg1 {[%clk 0:50:53]} h6
{[%clk 0:31:42]} 17. c3 {[%clk 0:44:29]} e5 {[%clk 0:27:31]} 18. Qc2
{[%clk 0:42:11]} Bd6 {[%clk 0:25:24]} 19. Ng3 {[%clk 0:39:55]} e4
{[%clk 0:25:07]} 20. Ne1 {[%clk 0:38:12]} Nf4 {[%clk 0:20:02]} 21. Bxf4
{[%clk 0:35:24]} Bxf4 {[%clk 0:20:30]} 22. Ng2 {[%clk 0:34:28]} h5
{[%clk 0:20:15]} 23. Nxf4 {[%clk 0:34:29]} hxg4 {[%clk 0:20:09]} 24. Qd2
{[%clk 0:33:03]} gxh3 {[%clk 0:14:03]} 25. Nf5 {[%clk 0:31:54]} Nf8
{[%clk 0:13:53]} 26. Rg7 {[%clk 0:31:07]} Qd7 {[%clk 0:12:52]} 27. Ne3
{[%clk 0:27:06]} Rh4 {[%clk 0:11:53]} 28. Ne2 {[%clk 0:21:17]} Ne6
{[%clk 0:11:57]} 29. Rg3 {[%clk 0:21:37]} Ng5 {[%clk 0:10:40]} 30. c4
{[%clk 0:21:08]} Bh5 {[%clk 0:08:56]} 31. cxd5 {[%clk 0:21:33]} Bf3+
{[%clk 0:08:59]} 32. Kg1 {[%clk 0:22:00]} Bxe2 {[%clk 0:07:27]} 33. Qxe2
{[%clk 0:22:22]} cxd5 {[%clk 0:07:49]} 34. Kh1 {[%clk 0:21:09]} Rc8
{[%clk 0:07:17]} 35. Rd1 {[%clk 0:20:06]} Rf4 {[%clk 0:06:25]} 36. Qd2
{[%clk 0:19:49]} Rf3 {[%clk 0:05:45]} 37. Rgg1 {[%clk 0:16:58]} Ne6
{[%clk 0:05:27]} 38. Rc1 {[%clk 0:13:42]} Rxc1 {[%clk 0:05:37]} 39. Rxc1
{[%clk 0:13:56]} a6 {[%clk 0:05:07]} 40. Rg1 {[%clk 0:40:47]} f5 {[%clk 0:32:54]}
41. Nc2 {[%clk 0:37:11]} f4 {[%clk 0:26:55]} 42. Ne1 {[%clk 0:36:28]} e3
{[%clk 0:26:53]} 43. fxe3 {[%clk 0:36:34]} Rxe3 {[%clk 0:25:38]} 44. Nc2
{[%clk 0:35:12]} Qh7 {[%clk 0:21:17]} 0-1

[Event "High League 2022 men"]
[Site "Obninsk"]
[Date "2022.07.05"]
[Round "9.8"]
[White "Lysyj, Igor"]
[Black "Sakaev, Konstantin"]
[Result "1/2-1/2"]
[LiveChessVersion "1.4.7"]
[BlackElo "2603"]
[WhiteElo "2604"]

1. d4 {[%clk 1:30:55]} Nf6 {[%clk 1:30:16]} 2. c4 {[%clk 1:31:20]} e6
{[%clk 1:30:32]} 3. Nf3 {[%clk 1:31:45]} d5 {[%clk 1:30:46]} 4. g3
{[%clk 1:32:03]} Be7 {[%clk 1:31:00]} 5. Bg2 {[%clk 1:32:24]} O-O
{[%clk 1:31:21]} 6. Nc3 {[%clk 1:32:50]} Nbd7 {[%clk 1:30:56]} 7. Qd3
{[%clk 1:32:28]} b6 {[%clk 1:29:26]} 8. cxd5 {[%clk 1:32:21]} Nxd5
{[%clk 1:28:50]} 9. O-O {[%clk 1:32:17]} Bb7 {[%clk 1:24:13]} 10. Nxd5
{[%clk 1:31:59]} exd5 {[%clk 1:24:14]} 11. b3 {[%clk 1:31:22]} 1/2-1/2

[Event "High League 2022 men"]
[Site "Obninsk"]
[Date "2022.07.05"]
[Round "9.9"]
[White "Zakhartsov, Vladimir"]
[Black "Murzin, Volodar"]
[Result "0-1"]
[LiveChessVersion "1.4.7"]
[BlackElo "2549"]
[WhiteElo "2483"]

1. d4 {[%clk 1:30:57]} Nf6 {[%clk 1:30:48]} 2. c4 {[%clk 1:31:17]} g6
{[%clk 1:31:11]} 3. Nc3 {[%clk 1:31:40]} Bg7 {[%clk 1:31:35]} 4. e4
{[%clk 1:32:05]} O-O {[%clk 1:31:59]} 5. Be3 {[%clk 1:32:29]} d6 {[%clk 1:31:33]}
6. h3 {[%clk 1:32:53]} Na6 {[%clk 1:30:42]} 7. Nf3 {[%clk 1:31:36]} e5
{[%clk 1:30:31]} 8. d5 {[%clk 1:27:52]} Nh5 {[%clk 1:30:11]} 9. Nd2
{[%clk 1:26:54]} Qe8 {[%clk 1:27:14]} 10. g3 {[%clk 1:16:50]} f5 {[%clk 1:27:03]}
11. exf5 {[%clk 1:16:34]} gxf5 {[%clk 1:27:27]} 12. Be2 {[%clk 1:17:00]} Nf6
{[%clk 1:27:42]} 13. f4 {[%clk 1:16:45]} exf4 {[%clk 1:23:24]} 14. Bxf4
{[%clk 1:17:09]} Nh5 {[%clk 1:23:42]} 15. O-O {[%clk 1:11:06]} Nxf4
{[%clk 1:24:03]} 16. gxf4 {[%clk 1:11:32]} Qg6+ {[%clk 1:11:48]} 17. Kh2
{[%clk 1:11:16]} Qh6 {[%clk 1:11:57]} 18. Bh5 {[%clk 1:10:05]} Nc5
{[%clk 1:11:09]} 19. Qf3 {[%clk 1:09:50]} Kh8 {[%clk 0:54:44]} 20. Rae1
{[%clk 1:08:57]} Bd7 {[%clk 0:46:19]} 21. b4 {[%clk 1:06:11]} Na6
{[%clk 0:46:06]} 22. a3 {[%clk 1:06:12]} c5 {[%clk 0:35:13]} 23. dxc6
{[%clk 0:56:10]} Bxc6 {[%clk 0:35:14]} 24. Nd5 {[%clk 0:56:36]} Rac8
{[%clk 0:31:14]} 25. b5 {[%clk 0:54:39]} Bxd5 {[%clk 0:31:20]} 26. Qxd5
{[%clk 0:55:05]} Nc7 {[%clk 0:29:59]} 27. Qf3 {[%clk 0:53:22]} Ne6
{[%clk 0:24:43]} 28. Qe3 {[%clk 0:53:30]} Nxf4 {[%clk 0:16:21]} 29. Qxf4
{[%clk 0:53:56]} Qxh5 {[%clk 0:16:40]} 30. Qxd6 {[%clk 0:45:54]} f4
{[%clk 0:07:23]} 31. Qd3 {[%clk 0:42:55]} Rcd8 {[%clk 0:01:11]} 32. Qe2
{[%clk 0:43:01]} Qh4 {[%clk 0:00:54]} 33. Rg1 {[%clk 0:40:27]} Bd4
{[%clk 0:01:10]} 34. Rg4 {[%clk 0:37:17]} f3 {[%clk 0:01:29]} 35. Rxh4
{[%clk 0:33:31]} fxe2 {[%clk 0:01:54]} 36. Ne4 {[%clk 0:34:00]} Rf2+
{[%clk 0:01:54]} 37. Kg3 {[%clk 0:33:04]} Rdf8 {[%clk 0:02:15]} 38. Rg4
{[%clk 0:32:50]} R8f3+ {[%clk 0:01:17]} 39. Kh4 {[%clk 0:33:17]} Rh2
{[%clk 0:01:42]} 40. Rg3 {[%clk 0:58:57]} Rf4+ {[%clk 0:31:36]} 41. Rg4
{[%clk 0:59:23]} Rf1 {[%clk 0:27:07]} 42. Nd6 {[%clk 0:59:34]} Bf6+
{[%clk 0:27:06]} 43. Kg3 {[%clk 0:59:58]} Be5+ {[%clk 0:27:31]} 0-1

[Event "High League 2022 men"]
[Site "Obninsk"]
[Date "2022.07.05"]
[Round "9.10"]
[White "Riazantsev, Alexander"]
[Black "Kezin, Roman"]
[Result "1-0"]
[LiveChessVersion "1.4.7"]
[BlackElo "2516"]
[WhiteElo "2635"]

1. d4 {[%clk 1:30:57]} Nf6 {[%clk 1:30:53]} 2. c4 {[%clk 1:31:17]} e6
{[%clk 1:31:16]} 3. Nc3 {[%clk 1:31:39]} Bb4 {[%clk 1:31:37]} 4. e3
{[%clk 1:31:39]} O-O {[%clk 1:31:35]} 5. Bd3 {[%clk 1:30:23]} Re8
{[%clk 1:17:13]} 6. Nf3 {[%clk 1:27:21]} Bxc3+ {[%clk 1:10:29]} 7. bxc3
{[%clk 1:27:50]} d6 {[%clk 1:10:53]} 8. O-O {[%clk 1:19:05]} e5 {[%clk 1:06:56]}
9. Nd2 {[%clk 1:18:43]} e4 {[%clk 0:22:48]} 10. Bc2 {[%clk 1:16:39]} Bg4
{[%clk 0:14:30]} 11. Qe1 {[%clk 0:59:08]} Qe7 {[%clk 0:10:16]} 12. Kh1
{[%clk 0:51:02]} Bh5 {[%clk 0:08:31]} 13. Nb3 {[%clk 0:51:16]} Bg6
{[%clk 0:03:11]} 14. c5 {[%clk 0:51:33]} d5 {[%clk 0:03:30]} 15. Bd1
{[%clk 0:32:48]} Nc6 {[%clk 0:02:10]} 16. f4 {[%clk 0:33:09]} exf3
{[%clk 0:01:29]} 17. gxf3 {[%clk 0:33:38]} Qd7 {[%clk 0:01:57]} 18. Rg1
{[%clk 0:27:25]} Re6 {[%clk 0:02:21]} 19. a4 {[%clk 0:20:22]} Rae8
{[%clk 0:02:46]} 20. Ra2 {[%clk 0:20:48]} Ne7 {[%clk 0:02:55]} 21. Nd2
{[%clk 0:18:52]} Bd3 {[%clk 0:00:37]} 22. Nf1 {[%clk 0:19:21]} Bxf1
{[%clk 0:00:38]} 23. Qxf1 {[%clk 0:13:28]} Nf5 {[%clk 0:00:45]} 24. Rag2
{[%clk 0:13:45]} g6 {[%clk 0:00:41]} 25. e4 {[%clk 0:14:11]} dxe4
{[%clk 0:01:05]} 26. fxe4 {[%clk 0:14:30]} Rxe4 {[%clk 0:01:25]} 27. Bc2
{[%clk 0:14:59]} c6 {[%clk 0:00:32]} 28. Bg5 {[%clk 0:11:40]} Nd5
{[%clk 0:00:37]} 29. Bxe4 {[%clk 0:06:21]} Rxe4 {[%clk 0:01:06]} 30. Qf3
{[%clk 0:06:51]} Qe6 {[%clk 0:01:06]} 31. Rf2 {[%clk 0:07:20]} h6
{[%clk 0:01:00]} 32. Bd2 {[%clk 0:07:22]} Kh7 {[%clk 0:00:55]} 33. Rg4
{[%clk 0:05:58]} Rxg4 34. Qxg4 {[%clk 0:06:27]} Nf6 {[%clk 0:01:45]} 35. Qf3
{[%clk 0:04:13]} Qb3 {[%clk 0:01:18]} 36. a5 {[%clk 0:03:29]} Qa4
{[%clk 0:01:16]} 37. Qd3 {[%clk 0:03:34]} Nd5 {[%clk 0:00:32]} 38. c4
{[%clk 0:02:56]} Nde7 {[%clk 0:00:44]} 39. Rf1 {[%clk 0:02:50]} Qa2
{[%clk 0:01:01]} 40. Re1 {[%clk 0:31:43]} a6 {[%clk 0:30:32]} 41. Kg1
{[%clk 0:27:49]} Ng8 {[%clk 0:25:16]} 42. Bc3 {[%clk 0:20:55]} h5
{[%clk 0:22:58]} 43. Ra1 {[%clk 0:19:54]} Qb3 {[%clk 0:23:26]} 44. Rb1
{[%clk 0:20:17]} Qa2 {[%clk 0:22:42]} 45. Rxb7 {[%clk 0:18:32]} Ngh6
{[%clk 0:23:10]} 46. Rb2 {[%clk 0:15:47]} Qa4 {[%clk 0:22:44]} 47. h3
{[%clk 0:13:58]} Qa1+ {[%clk 0:23:12]} 48. Rb1 {[%clk 0:13:13]} Qa2
{[%clk 0:23:36]} 49. Re1 {[%clk 0:12:48]} Qb3 {[%clk 0:23:57]} 50. Rb1
{[%clk 0:09:52]} Qa2 {[%clk 0:24:26]} 51. Ra1 {[%clk 0:10:17]} Qb3
{[%clk 0:24:51]} 52. d5 {[%clk 0:10:42]} Ng8 {[%clk 0:22:34]} 53. d6
{[%clk 0:07:53]} Nf6 {[%clk 0:22:55]} 54. Rf1 {[%clk 0:08:19]} Nd7
{[%clk 0:22:10]} 55. Rxf5 {[%clk 0:04:44]} gxf5 {[%clk 0:22:31]} 56. Qxf5+
{[%clk 0:05:13]} Kh6 {[%clk 0:22:54]} 57. Qf4+ {[%clk 0:05:15]} Kg6
{[%clk 0:23:21]} 58. Qe4+ {[%clk 0:05:40]} Kh6 {[%clk 0:23:04]} 59. Qe3+
{[%clk 0:05:41]} 1-0

[Event "High League 2022 men"]
[Site "Obninsk"]
[Date "2022.07.05"]
[Round "9.12"]
[White "Yeletsky, Ivan"]
[Black "Paravyan, David"]
[Result "0-1"]
[LiveChessVersion "1.4.7"]
[BlackElo "2620"]
[WhiteElo "2474"]

1. d4 {[%clk 1:30:55]} Nf6 {[%clk 1:30:58]} 2. c4 {[%clk 1:31:10]} g6
{[%clk 1:31:24]} 3. h4 {[%clk 1:31:29]} Bg7 {[%clk 1:29:12]} 4. Nc3
{[%clk 1:31:46]} d6 {[%clk 1:29:40]} 5. e4 {[%clk 1:31:54]} Nc6 {[%clk 1:30:06]}
6. Nge2 {[%clk 1:31:52]} O-O {[%clk 1:30:26]} 7. f3 {[%clk 1:32:11]} e5
{[%clk 1:30:51]} 8. d5 {[%clk 1:32:26]} Nd4 {[%clk 1:31:17]} 9. Be3
{[%clk 1:32:45]} c5 {[%clk 1:31:30]} 10. dxc6 {[%clk 1:33:02]} bxc6
{[%clk 1:31:54]} 11. Nxd4 {[%clk 1:33:23]} exd4 {[%clk 1:32:20]} 12. Bxd4
{[%clk 1:33:42]} d5 {[%clk 1:32:33]} 13. cxd5 {[%clk 1:21:05]} cxd5
{[%clk 1:32:59]} 14. exd5 {[%clk 1:20:07]} Qc7 {[%clk 1:32:48]} 15. Qd2
{[%clk 1:15:47]} Qg3+ {[%clk 1:20:36]} 16. Qf2 {[%clk 1:14:27]} Re8+
{[%clk 1:20:29]} 17. Be2 {[%clk 1:14:40]} Qxf2+ {[%clk 1:18:54]} 18. Kxf2
{[%clk 1:10:22]} Ng4+ {[%clk 1:07:47]} 19. fxg4 {[%clk 1:10:39]} Bxd4+
{[%clk 1:08:14]} 20. Kf1 {[%clk 1:10:55]} Rb8 {[%clk 1:08:14]} 21. Rd1
{[%clk 1:10:45]} Be5 {[%clk 1:08:00]} 22. Rh3 {[%clk 0:58:17]} Rxb2
{[%clk 0:38:17]} 23. Re3 {[%clk 0:57:46]} Bd7 {[%clk 0:25:41]} 24. Bf3
{[%clk 0:32:33]} Kf8 {[%clk 0:16:20]} 25. d6 {[%clk 0:23:27]} Rb6
{[%clk 0:16:43]} 26. Ne4 {[%clk 0:20:19]} Bxd6 {[%clk 0:11:04]} 27. Rb3
{[%clk 0:17:10]} Rxb3 {[%clk 0:10:58]} 28. axb3 {[%clk 0:17:20]} Bb5+
{[%clk 0:11:15]} 29. Kf2 {[%clk 0:17:17]} Be7 {[%clk 0:07:15]} 30. Nd6
{[%clk 0:05:40]} Rb8 {[%clk 0:07:25]} 31. Nxb5 {[%clk 0:05:35]} Rxb5
{[%clk 0:07:51]} 32. Bd5 {[%clk 0:04:58]} Bxh4+ {[%clk 0:08:13]} 33. g3
{[%clk 0:04:55]} Bf6 {[%clk 0:05:33]} 34. Kg2 {[%clk 0:04:53]} Kg7
{[%clk 0:04:58]} 35. Rd3 {[%clk 0:04:30]} Rc5 {[%clk 0:01:23]} 36. Bc4
{[%clk 0:04:49]} Rc7 {[%clk 0:01:46]} 37. Rd5 {[%clk 0:04:57]} Kh6
{[%clk 0:01:12]} 38. Kh3 {[%clk 0:04:27]} Re7 {[%clk 0:00:50]} 39. Bb5
{[%clk 0:04:07]} Re3 {[%clk 0:00:41]} 40. Rd3 {[%clk 0:34:30]} Re5
{[%clk 0:30:38]} 41. Bc4 {[%clk 0:34:07]} Re7 {[%clk 0:30:59]} 42. Rd5
{[%clk 0:31:46]} Bb2 {[%clk 0:23:24]} 43. Bb5 {[%clk 0:30:43]} f6
{[%clk 0:21:24]} 44. Rd2 {[%clk 0:29:57]} Rb7 {[%clk 0:13:32]} 45. Bc4
{[%clk 0:29:09]} Be5 {[%clk 0:13:44]} 46. Be6 {[%clk 0:25:30]} Re7
{[%clk 0:11:54]} 47. Bc4 {[%clk 0:25:41]} Bc7 {[%clk 0:10:15]} 48. Bb5
{[%clk 0:25:29]} Re1 {[%clk 0:09:33]} 49. Rd3 {[%clk 0:22:04]} Be5
{[%clk 0:09:38]} 50. Bc4 {[%clk 0:21:47]} Kg5 {[%clk 0:07:44]} 51. Bd5
{[%clk 0:21:26]} Rc1 {[%clk 0:05:05]} 52. Bf3 {[%clk 0:19:40]} Rb1
{[%clk 0:05:12]} 53. Bd1 {[%clk 0:19:21]} Rc1 {[%clk 0:04:13]} 54. Kg2
{[%clk 0:19:29]} Ra1 {[%clk 0:03:57]} 55. Rd2 {[%clk 0:19:43]} a5
{[%clk 0:03:59]} 56. Kh3 {[%clk 0:19:58]} Ra3 {[%clk 0:03:31]} 57. Kg2
{[%clk 0:19:15]} a4 {[%clk 0:01:42]} 58. bxa4 {[%clk 0:19:37]} Rxg3+
{[%clk 0:02:10]} 59. Kf2 {[%clk 0:16:25]} Kf4 {[%clk 0:02:36]} 60. Rd7
{[%clk 0:16:12]} Rh3 {[%clk 0:00:59]} 61. Kg2 {[%clk 0:16:27]} Rg3+
{[%clk 0:01:00]} 62. Kf2 {[%clk 0:16:50]} h6 {[%clk 0:01:16]} 63. Bc2
{[%clk 0:15:32]} Rxg4 {[%clk 0:01:34]} 64. a5 {[%clk 0:15:50]} Kg5
{[%clk 0:01:29]} 65. a6 {[%clk 0:16:03]} Rd4 {[%clk 0:00:34]} 66. a7
{[%clk 0:15:22]} Rxd7 {[%clk 0:01:00]} 67. a8=Q {[%clk 0:15:43]} Rd2+
{[%clk 0:01:08]} 68. Kg1 {[%clk 0:15:18]} Rxc2 {[%clk 0:01:25]} 69. Kh1
{[%clk 0:14:52]} Rh2+ {[%clk 0:01:37]} 70. Kg1 {[%clk 0:15:16]} Rh4
{[%clk 0:01:20]} 71. Qa2 {[%clk 0:15:13]} Rg4+ {[%clk 0:01:38]} 72. Kh1
{[%clk 0:15:37]} Rh4+ {[%clk 0:02:04]} 73. Kg1 {[%clk 0:16:02]} Rd4
{[%clk 0:01:53]} 74. Qa3 {[%clk 0:15:59]} Re4 {[%clk 0:01:08]} 75. Qa2
{[%clk 0:16:16]} h5 {[%clk 0:00:39]} 76. Qd2+ {[%clk 0:16:36]} Rf4
{[%clk 0:00:45]} 77. Kh1 {[%clk 0:16:57]} Kh6 {[%clk 0:00:54]} 78. Qc1
{[%clk 0:16:52]} Kg7 {[%clk 0:00:51]} 79. Kg2 {[%clk 0:16:53]} Rg4+
{[%clk 0:01:14]} 80. Kh1 {[%clk 0:17:16]} Rd4 {[%clk 0:01:26]} 81. Qb1
{[%clk 0:17:24]} Rh4+ {[%clk 0:01:24]} 82. Kg1 {[%clk 0:17:46]} Rc4
{[%clk 0:01:41]} 83. Qd3 {[%clk 0:17:44]} Rc7 {[%clk 0:01:58]} 84. Qh3
{[%clk 0:17:49]} Re7 {[%clk 0:01:43]} 85. Kh1 {[%clk 0:18:11]} f5
{[%clk 0:00:47]} 86. Qa3 {[%clk 0:18:17]} Bf6 {[%clk 0:01:12]} 87. Qf3
{[%clk 0:18:27]} Re4 {[%clk 0:01:33]} 88. Qb3 {[%clk 0:18:43]} Kh6
{[%clk 0:01:33]} 89. Qf7 {[%clk 0:18:52]} Bg7 {[%clk 0:01:37]} 90. Qd5
{[%clk 0:19:00]} Rd4 {[%clk 0:01:57]} 91. Qe6 {[%clk 0:19:19]} Rd8
{[%clk 0:02:14]} 92. Qe3+ {[%clk 0:19:39]} Kh7 {[%clk 0:02:38]} 93. Kg2
{[%clk 0:19:57]} Rc8 {[%clk 0:02:24]} 94. Qd2 {[%clk 0:20:02]} Rc7
{[%clk 0:02:14]} 95. Qe2 {[%clk 0:20:01]} Bf6 {[%clk 0:02:28]} 96. Qd3
{[%clk 0:20:07]} Kg7 {[%clk 0:02:51]} 97. Qd1 {[%clk 0:20:24]} Re7
{[%clk 0:03:03]} 98. Qd5 {[%clk 0:20:37]} Ra7 {[%clk 0:03:17]} 99. Qf3
{[%clk 0:20:48]} Ra2+ {[%clk 0:03:29]} 100. Kg1 {[%clk 0:21:06]} Ra1+
{[%clk 0:03:45]} 101. Kg2 {[%clk 0:21:28]} Ra7 {[%clk 0:04:05]} 102. Kg1
{[%clk 0:21:43]} Rd7 {[%clk 0:04:13]} 103. Kh1 {[%clk 0:22:02]} Re7
{[%clk 0:04:34]} 104. Qd5 {[%clk 0:22:06]} h4 {[%clk 0:04:08]} 105. Kg2
{[%clk 0:22:14]} Re2+ {[%clk 0:04:11]} 106. Kh1 {[%clk 0:22:04]} Re1+
{[%clk 0:02:56]} 107. Kh2 {[%clk 0:22:09]} Be5+ {[%clk 0:02:25]} 108. Kg2
{[%clk 0:22:30]} h3+ {[%clk 0:00:41]} 109. Kf2 {[%clk 0:21:28]} Re4
{[%clk 0:01:06]} 110. Qd7+ {[%clk 0:21:32]} Kh6 {[%clk 0:01:33]} 111. Qd2+
{[%clk 0:21:48]} Kh5 {[%clk 0:01:53]} 112. Qd1+ {[%clk 0:22:09]} Kh4
{[%clk 0:01:52]} 113. Qd8+ {[%clk 0:21:15]} g5 {[%clk 0:02:13]} 114. Kf3
{[%clk 0:21:02]} Rf4+ {[%clk 0:02:40]} 0-1